| 000 | 00808cam a2200229 4500 | ||
|---|---|---|---|
| 001 | ABS62450 | ||
| 008 | 000000n2000 000 0 eng u | ||
| 035 | _a(Sirsi) u107045 | ||
| 245 | _aWales supplement | ||
| 260 | _c2000 | ||
| 490 |
_aProperty Week _vJuly 2000 Supplement (44) LOAN |
||
| 520 | _aSpecial Wales supplement. Covers EU funding, an interview with Rhodri Morgan, the north Wales commercial property market and the latest facts and figures on the Welsh office market. | ||
| 590 | _aABS | ||
| 650 | _aWALES | ||
| 650 | _aFUNDING | ||
| 650 | _aREGIONAL DEVELOPMENT | ||
| 650 | _aPROPERTY-COMMERCIAL PROPERTY-OFFICE PROPERTY-OFFICE PROPERTY MARKET | ||
| 650 | _aSOUTH WALES | ||
| 650 | _aNORTH WALES | ||
| 690 | _aPROPERTY-COMMERCIAL PROPERTY-COMMERCIAL PROPERTY MARKET | ||
| 942 | _n0 | ||
| 999 |
_c64012 _d64012 |
||